Statistics for Laos Country Quiz

Click here to take the quiz!

General Stats

  • This quiz has been taken 7,433 times
    (7,085 since last reset)
  • The average score is 15 of 23

Answer Stats

Hint Answer % Correct
Bordering countriesVietnam
99%
Bordering countriesCambodia
98%
Bordering countriesChina
98%
Bordering countriesThailand
98%
Bordering countriesMyanmar
95%
Country that colonized Laos in 1887France
95%
Most common religionBuddhism
95%
80% of arable land is used to
grow this crop ...
Rice
92%
Official languageLao
87%
Peninsula on which Laos sitsIndochina
86%
River flowing through the capitalMekong
84%
Capital cityVientiane
82%
... but this bean is the main
agricultural export of Laos
Coffee
65%
National animalElephant
58%
Due to the "Secret War" Laos is
supposedly the most heavily ______
country per capita in history
Bombed
44%
What the white circle on the
flag represents
Moon
43%
Group of hill people who were
allies of the U.S.
Hmong
32%
City in which the above is located{Luang} Prabang
32%
CurrencyKip
24%
Communist movement that seized
power in 1975
{Pathet} Lao
20%
Meat salad considered to be the
unofficial national dish of Laos
Larb
16%
Most famous waterfall{Kuang} Si Falls
16%
Mountain range forming the
eastern border of Laos
Annamite
15%

Score Distribution

Percentile by Number Answered

Percent of People with Each Score

Your Score History

You have not taken this quiz since the last reset